BIBLIOTECA PODER JUDICIAL
Portal Judicial TDF

Uniones convivenciales, violencia económica y enriquecimiento sin causa / (Registro nro. 6065)

000 -LEADER
fixed length control field 01221nab a22002417a 4500
003 - CONTROL NUMBER IDENTIFIER
control field OSt
005 - DATE AND TIME OF LATEST TRANSACTION
control field 20260121003024.0
008 - FIXED-LENGTH DATA ELEMENTS--GENERAL INFORMATION
fixed length control field 190514b xxu||||| |||| 00| 0 spa d
040 ## - CATALOGING SOURCE
Transcribing agency PJ
100 ## - MAIN ENTRY--PERSONAL NAME
9 (RLIN) 6018
Personal name Lopes, Cecilia
245 10 - TITLE STATEMENT
Title Uniones convivenciales, violencia económica y enriquecimiento sin causa /
Statement of responsibility, etc Cecilia Lopes.
300 ## - PHYSICAL DESCRIPTION
Extent p. 74-83
500 ## - GENERAL NOTE
General note Cita: TR LALEY AR/DOC/985/2024.
505 ## - FORMATTED CONTENTS NOTE
Formatted contents note Sumario: I. Introducción.— II. Los hechos que antecedieron al planteo judicial.— III. La decisión de la Cámara.— IV. Consecuencias patrimoniales ante la finalización de la vida en común en las uniones convivenciales.— V. El enriquecimiento sin causa.— VI. Conclusiones.
505 ## - FORMATTED CONTENTS NOTE
Title Fallo comentado: CCiv. y Com., Necochea ~ 05/09/2023 ~ P. J. c. M. L. s/ división de condominio.
650 #0 - SUBJECT ADDED ENTRY--TOPICAL TERM
9 (RLIN) 967
Topical term or geographic name as entry element DERECHO DE FAMILIA
650 #0 - SUBJECT ADDED ENTRY--TOPICAL TERM
9 (RLIN) 1053
Topical term or geographic name as entry element UNIONES CONVIVENCIALES
650 #0 - SUBJECT ADDED ENTRY--TOPICAL TERM
9 (RLIN) 5360
Topical term or geographic name as entry element VIOLENCIA ECONÓMICA
650 #0 - SUBJECT ADDED ENTRY--TOPICAL TERM
9 (RLIN) 5831
Topical term or geographic name as entry element ENRIQUECIMIENTO SIN CAUSA
650 #0 - SUBJECT ADDED ENTRY--TOPICAL TERM
9 (RLIN) 1057
Topical term or geographic name as entry element JURISPRUDENCIA APLICABLE
773 0# - HOST ITEM ENTRY
Host Biblionumber 2844
Host Itemnumber 3222
Place, publisher, and date of publication Buenos Aires : AbeledoPerrot, 1989-
Title Derecho de familia. Revista Interdisciplinaria de doctrina y jurisprudencia. Junio 2024-III.
International Standard Book Number 18511201
942 ## - ADDED ENTRY ELEMENTS (KOHA)
Source of classification or shelving scheme
Koha item type Analítica Artículo de Revista

No hay ítems disponibles.

12 de Octubre 789 Ushuaia - Tel:  54(02901)441571
Horario de Atención: 8.00 a 17.00 hs. 
bibliotecaush@justierradelfuego.gov.ar
koha@justierradelfuego.gov.ar
Seguinos en nuestras redes @bibliojustdf 

Con tecnología Koha